| 000 | 00377cam a22001455a 4500 | ||
|---|---|---|---|
| 001 | L138191 | ||
| 008 | 070521s2006 xxk f 000 0 eng d | ||
| 035 | _a(Sirsi) u138191 | ||
| 041 | 0 | _aeng | |
| 245 | 0 | 0 | _aElevate surveying - your path to a great career |
| 260 |
_aProperty week & RICS _c2006 |
||
| 651 | 4 |
_aEngland and Wales _y1543- |
|
| 700 | 1 | _aJones, Steve | |
| 942 | _n0 | ||
| 999 |
_c107050 _d107050 |
||